Sports Quiz

Random Sports or Soccer Quiz
Score 0/44 Timer 08:00
0 Plays Today
% Correct
Man United
81.2%
Arsenal
80%
Liverpool
79%
Everton
77.3%
Manchester City
76.5%
Spurs
76.4%
Blackburn Rovers
74.3%
Chelsea
73.1%
Crystal Palace
71.5%
Aston Villa
69.1%
Norwich City
68.6%
QPR
68%
Leeds United
66.1%
Southampton
64.2%
Sheffield Wednesday
63.2%
Nottingham Forest
56.7%
Coventry City
56.4%
Ipswich
56.1%
Sheff United
55.8%
Vinnie Jones
53.7%
Peter Beardsley
52.6%
Tim Sherwood
52.1%
% Correct
Gordon Strachan
51.9%
Wimbledon
49.9%
Middlesbrough
48.6%
Oldham
47.7%
Lee Sharpe
36.7%
Mark Wright
35.8%
Tim Flowers
35.1%
John Salako
29.4%
John Wark
28.8%
David Hirst
23.1%
Tony Daley
22.3%
Andy Sinton
21.8%
Gordon Durie
17.8%
Hans Segers
15.6%
Andy Ritchie
14.3%
Gary Charles
11.8%
David Hillier
11.2%
Ian Brightwell
7.8%
Andy Pearce
6.8%
Alan Kernaghan
5%
Ian Butterworth
4.7%
Carl Bradshaw
3.1%
Remove Ads.
Support Sporcle.
Get the best of Sporcle when you Go Orange. This ad-free experience offers more features, more stats, and more fun while also helping to support Sporcle. Thank you for becoming a member.

You're not logged in!

Compare scores with friends on all Sporcle quizzes.
OR
Log In

Show Comments

Extras

Top Quizzes Today


Score Distribution

Your Account Isn't Verified!

In order to create a playlist on Sporcle, you need to verify the email address you used during registration. Go to your Sporcle Settings to finish the process.

Report this User

Report this user for behavior that violates our Community Guidelines.

Details: